000 00316 a2200157 4500
001 163482
020 _a
040 _cMagnum
100 _aGomes, Alvaro Cardoso
240 1 0 _aO numero 1
_lpor
245 1 0 _aO numero 1
362 0 _a1899
440 1 _aModerna
697 _aJ/ADOLESCENTE, NAMORO
942 _cBK
999 _c163482
_d163482